|
|
|
|
| LEADER |
00000nam a2200000 a 4500 |
| 001 |
UCI8854 |
| 003 |
CL-VaPUC |
| 008 |
081009e20060000CL |||||||||||||||||spa|d |
| 082 |
0 |
4 |
|a 621.3183
|b BTI
|2 21
|
| 100 |
0 |
|
|a BTicino
|e author
|9 532502
|
| 245 |
1 |
0 |
|a Catálogo general 2005-2006
|
| 300 |
|
|
|a 323 p
|
| 942 |
|
|
|c BK
|
| 945 |
|
|
|d 20081009 00:00:00
|a rbrito
|
| 260 |
|
|
|a Santiago
|b BTicino
|c 2006
|
| 650 |
|
7 |
|a INSTALACIONES ELECTRICAS
|2 CL-VaPUC
|9 262736
|
| 650 |
|
7 |
|a TABLEROS ELECTRICOS
|2 CL-VaPUC
|9 532503
|
| 650 |
|
7 |
|a INTERRUPTORES
|2 CL-VaPUC
|9 532504
|
| 650 |
|
7 |
|a CANALIZACIONES
|2 CL-VaPUC
|9 532505
|
| 650 |
|
7 |
|a COMUNICACIONES
|2 CL-VaPUC
|9 260778
|
| 650 |
|
7 |
|a TELEFONOS
|2 CL-VaPUC
|9 263284
|
| 650 |
|
0 |
|a Ahorro de energía
|9 271591
|
| 650 |
|
7 |
|a ENCHUFES
|2 CL-VaPUC
|9 532506
|
| 583 |
|
|
|a last modification
|c 20081009 00:00:00
|k Rodrigo Vera
|
| 999 |
|
|
|c 331620
|d 331618
|